| 000 | 00345nam a2200133Ia 4500 | ||
|---|---|---|---|
| 008 | 231017s9999 xx 000 0 und d | ||
| 082 | _a388.312 | ||
| 082 | _bRAD | ||
| 245 | 0 | _aIntersection Sight Distance for Unprotected Left-Turn Traffic | |
| 245 | 0 | _c"Essam Radwan, PhD" | |
| 260 | _b"Essam Radwan, PhD" | ||
| 300 | _c30cm | ||
| 942 | _cREP | ||
| 999 |
_c604382 _d604382 |
||